LDR 00832nam a2200193 4500 001 000000367059 003 CaOOAMICUS 005 20260327134611.0 008 260327s1933 it f 000 u ita r 040 $aSeMil$bita 100 1 $aSevesi, Paolo Maria,$c
.$0(OLS)http://semarc/name/10050 245 10$aBeato Giacomo Oldi da Lodi :$bsacerdote del Terz'Ordine di S. Francesco /$cP. Paolo M. Sevesi. 264 1$aLodi :$bTip. Borini-Abbiati,$c1933. 300 $a73 p., [3] c. di tav. ;$c25 cm 850 $aSeMil 852 $aSeMil$W1$xVenegono$y1$m5C VIII 9/19$j269241$B257791$CSeMilBibl$Z2$F257791 $8M 996 $6245$aBeato Giacomo Oldi da Lodi :$bsacerdote del Terz'Ordine di S. Francesco$9(OLS)http://semarc/title/458882 996 $6264$aLodi :$bTip. Borini-Abbiati$9(OLS)http://semarc/publisher/62102